Glykosylierte Hämoglobine und Blutzuckerwerte zur Überwachung der diabetischen Stoffwechsellage beim Hund /

Bibliographic Details
Main Author: Jung, Gerhard, 1952-
Format: Thesis Book
Language:German
Language Notes:German with English summary.
Published: [Place of publication not identified] : [publisher not identified], 1983.
Subjects:

MARC

Tag First Indicator Second Indicator Subfields
LEADER 00000cam a2200000Ia 4500
001 in00004532713
005 20191205082130.0
008 840919s1983 xx a bm 000 0 ger
035 |a (OCoLC)ocm11171122 
035 |a (OCoLC)11171122 
035 |z (UtOrBLW)67945 
035 |a 95706 
040 |a AGL  |b eng  |c AGL  |d OCLCQ  |d OCLCG  |d CUX  |d DEBBG  |d UtOrBLW 
041 0 |a ger  |b eng 
049 |a TMVM 
070 |a 41.2  |b M9222 1983 [no.67] 
100 1 |a Jung, Gerhard,  |d 1952- 
245 1 0 |a Glykosylierte Hämoglobine und Blutzuckerwerte zur Überwachung der diabetischen Stoffwechsellage beim Hund /  |c von Gerhard Jung. 
246 1 |i English abstract has title:  |a Glycosylated hemoglobins and blood sugar values for the control of the metabolic status of diabetic dogs 
264 1 |a [Place of publication not identified] :  |b [publisher not identified],  |c 1983. 
300 |a 121 pages :  |b illustrations ;  |c 21 cm. 
336 |a text  |2 rdacontent  |b txt 
337 |a unmediated  |2 rdamedia 
338 |a volume  |2 rdacarrier  |b nc 
502 |b doctoral  |c Universität München  |d 1983. 
546 |a German with English summary. 
500 |a Vita. 
504 |a Includes bibliographical references (pages 99-121). 
650 2 |a Blood Glucose. 
650 2 |a Diabetes Mellitus  |x blood. 
650 2 |a Diabetes Mellitus  |x veterinary. 
650 2 |a Hemoglobin A, Glycosylated  |x diagnostic use. 
650 7 |a Diabetes mellitus.  |0 (DE-588)4070446-4  |2 gnd 
650 7 |a Hund.  |0 (DE-588)4026181-5  |2 gnd 
650 7 |a Hämoglobin A2.  |0 (DE-588)4613532-7  |2 gnd 
999 |a MARS 
999 f f |s 40fa6810-3be9-3625-9113-1127312baee3  |i 6854ce1a-a557-3425-9843-ad44d843ca6d  |t 0 
952 f f |p preservation  |a Texas A&M University  |b J.J. Pickle Campus  |c High Density Repository  |d Remote Storage  |t 0  |e German dissertations  |h Other scheme  |i unmediated -- volume  |m 3238902507602 
998 f f |a German dissertations  |t 0  |l Remote Storage